[Event "AUTO-INT-1525"]
[Site "http://www.queenalice.com/game.php?id=687442"]
[Date "2009.11.23"]
[Round "1"]
[White "domino429"]
[Black "ReidoBaralho"]
[Result "1-0"]
[WhiteElo "1709"]
[BlackElo "1602"]

1. e4 e5 2. Nf3 Bb4 3. c3 Bc5 4. b4 Bb6 5. Bd3 Nf6 6. Nxe5 d6 7. Nc4 Ng4 8. Ne3
Bxe3 9. dxe3 Qf6 10. f3 Ne5 11. Bb5+ c6 12. Be2 b5 13. O-O Qg5 14. f4 Qg6 15.
fxe5 dxe5 16. Nd2 Bh3 17. Rf2 Be6 18. Bh5 Qh6 19. Nb3 g6 20. Bf3 O-O 21. Nc5 f5
22. exf5 Bxf5 23. e4 Qh5 24. Bxh5 gxh5 25. exf5 1-0

[Event "AUTO-INT-1525"]
[Site "http://www.queenalice.com/game.php?id=687457"]
[Date "2009.11.23"]
[Round "1"]
[White "domino429"]
[Black "windlazy"]
[Result "1/2-1/2"]
[WhiteElo "1725"]
[BlackElo "1762"]

1. e4 c5 2. Nf3 Nc6 3. d4 cxd4 4. Nxd4 e5 5. Nf3 Nf6 6. Bd3 Bc5 7. h3 O-O 8. O-O
d6 9. Nc3 Nd4 10. Nd5 Nxd5 11. exd5 Re8 12. Re1 Qb6 13. c3 Nxf3+ 14. Qxf3 f5 15.
Bxf5 Bxf5 16. Qxf5 Rf8 17. Qe6+ Kh8 18. Be3 Rae8 19. Qg4 Bxe3 20. fxe3 Qxb2 21.
c4 Rf2 22. Kh2 Ref8 23. Rg1 Qa3 24. Qg5 h6 25. Qe7 b6 26. Kh1 R2f7 27. Qh4 Qxe3
28. Rae1 Qc5 29. a4 Rf4 30. Qe7 a5 31. g3 Rf3 32. Rc1 Qc8 33. Qh4 Ra3 34. Rg2
Rxa4 35. Rgc2 Qf5 36. g4 Qd3 37. Qe1 Qxh3+ 38. Rh2 Qxg4 39. Rg2 Qf3 40. Rc3 Qf1+
41. Rg1 Qxe1 42. Rxe1 Rf4 43. Rec1 Ra2 44. Rb3 Rh4+ 45. Kg1 Rah2 46. Rcc3 Rh1+
47. Kg2 R1h2+ 48. Kg1 Rh1+ 49. Kg2 R1h2+ 50. Kg1 Rh1+ 1/2-1/2

[Event "AUTO-INT-1525"]
[Site "http://www.queenalice.com/game.php?id=687458"]
[Date "2009.11.23"]
[Round "1"]
[White "windlazy"]
[Black "domino429"]
[Result "0-1"]
[WhiteElo "1793"]
[BlackElo "1726"]

1. d4 d5 2. c4 e6 3. c5 Nc6 4. Nf3 Nf6 5. Bg5 h6 6. Bh4 g5 7. Bg3 g4 8. Ne5 Bd7
9. e3 h5 10. h3 Qe7 11. Nxc6 Bxc6 12. hxg4 Nxg4 13. Nc3 O-O-O 14. Be2 Qf6 15.
Bxg4 hxg4 16. Rxh8 Qxh8 17. Kd2 f5 18. Qb3 a6 19. f3 gxf3 20. gxf3 Qh3 21. Rg1
Rd7 22. Ne2 Bb5 23. a4 Bxe2 24. Kxe2 c6 25. Kd3 Rg7 26. Bf2 Qxf3 27. Rxg7 Bxg7
28. Qc2 Bh6 29. Qe2 Qxe2+ 30. Kxe2 Kd7 31. b4 Ke7 32. Bh4+ Kf7 33. Kf3 Kg6 34.
Bg3 Kh5 35. a5 Kg6 36. Bf4 Bf8 37. Bd6 Bg7 38. Kg3 Kg5 39. Be7+ Kh5 40. Bd8 Bh6
41. Kf3 Bg7 42. Bc7 Kh4 43. Bg3+ Kh3 44. Be5 Bf8 45. Bf4 Be7 46. Bh6 Bh4 47. Kf4
Be1 48. Ke5 Bxb4 49. Kxe6 Bxa5 50. Kxf5 Bc3 51. Ke5 a5 52. e4 dxe4 53. Kxe4 a4
54. Bc1 Kg2 55. Kd3 Ba5 56. Kc4 Kf2 57. Ba3 Ke2 58. d5 cxd5+ 59. Kxd5 Kd3 60. c6
bxc6+ 61. Kxc6 Kc4 62. Bc1 Bb4 63. Kb6 Kb3 64. Kb5 Ba3 65. Bf4 Bb2 66. Bd6 Ba3
67. Bf4 Be7 68. Bc1 Bf6 69. Ka5 Ba1 70. Kb5 Bc3 71. Kc5 Bb2 72. Be3 a3 73. Bd4
a2 0-1

[Event "AUTO-INT-1525"]
[Site "http://www.queenalice.com/game.php?id=746129"]
[Date "2010.3.14"]
[Round "2"]
[White "jw16js"]
[Black "domino429"]
[Result "0-1"]
[WhiteElo "1415"]
[BlackElo "1761"]

1. e4 e5 2. Bc4 Nf6 3. Qf3 Nc6 4. c3 Bd6 5. Bd5 Ne7 6. Qg3 O-O 7. c4 c6 8. c5
Bxc5 9. Ne2 cxd5 10. Qxe5 Nxe4 11. d4 f6 12. Qh5 Bb4+ 13. Nd2 Qa5 14. O-O Bxd2
15. Bxd2 Nxd2 0-1

[Event "AUTO-INT-1525"]
[Site "http://www.queenalice.com/game.php?id=746130"]
[Date "2010.3.14"]
[Round "2"]
[White "domino429"]
[Black "jw16js"]
[Result "1-0"]
[WhiteElo "1759"]
[BlackElo "1417"]

1. d4 c6 2. e4 d5 3. Nc3 dxe4 4. Nxe4 Bf5 5. Ng3 e6 6. Qe2 Qa5+ 7. Bd2 Qb6 8.
Bc3 Nd7 9. Nxf5 O-O-O 10. Ne3 e5 11. dxe5 c5 12. Nf3 Ne7 13. Ng5 Qg6 14. f4 Rg8
15. Nc4 b5 16. Nd6+ 1-0

[Event "AUTO-INT-1525"]
[Site "http://www.queenalice.com/game.php?id=746135"]
[Date "2010.3.14"]
[Round "2"]
[White "domino429"]
[Black "windlazy"]
[Result "0-1"]
[WhiteElo "1763"]
[BlackElo "1886"]

1. e4 c5 2. Nf3 Nc6 3. d4 cxd4 4. Nxd4 Nxd4 5. Qxd4 Qc7 6. Nc3 e5 7. Nd5 Qd6 8.
Qc4 Kd8 9. Bg5+ f6 10. Be3 b6 11. O-O-O Ne7 12. g4 Bb7 13. Nb4 Qc7 14. Qxc7+
Kxc7 15. Na6+ Bxa6 16. Bxa6 Nc6 17. c3 Bc5 18. Bxc5 bxc5 19. Rd3 Na5 20. b4 cxb4
21. cxb4 Nc6 22. Rc3 Kb6 23. b5 Nb4 24. Ra3 Nxa6 25. bxa6 Rac8+ 26. Kd2 Rc5 27.
Rb1+ Rb5 28. Rxb5+ Kxb5 29. Kc3 Rc8+ 30. Kd2 Rc4 31. Kd3 d5 32. exd5 Rd4+ 33.
Ke3 Rxd5 34. Ke4 Rd4+ 35. Ke3 Rxg4 36. f3 Rh4 0-1

[Event "AUTO-INT-1525"]
[Site "http://www.queenalice.com/game.php?id=746136"]
[Date "2010.3.14"]
[Round "2"]
[White "windlazy"]
[Black "domino429"]
[Result "1-0"]
[WhiteElo "1914"]
[BlackElo "1752"]

1. d4 Nf6 2. Bg5 e6 3. e4 h6 4. Bh4 g5 5. Bg3 Nxe4 6. Qf3 d5 7. Be5 f6 8. Bg3 f5
9. Qh5+ Kd7 10. Nf3 f4 11. Ne5+ Ke7 12. Ng6+ Kd7 13. Nxh8 Qf6 14. Bxf4 Qxh8 15.
Qf7+ Be7 16. Be5 Qf8 17. Qxf8 Bxf8 18. f3 Nd6 19. Nc3 a6 20. Na4 b5 21. Nc5+ Ke7
22. g3 Nc6 23. Bxd6+ cxd6 24. Nb3 Bg7 25. c3 b4 26. Bd3 e5 27. O-O a5 28. Bb5
Na7 29. Ba4 bxc3 30. bxc3 Be6 31. Nxa5 Nc8 32. Nc6+ Kf6 33. dxe5+ dxe5 34. Bb3
Ra5 35. Nxa5 Bf8 36. Nc6 Bd7 37. Bxd5 Bc5+ 38. Kg2 Nb6 39. c4 Bd6 40. a4 1-0

[Event "AUTO-INT-1525"]
[Site "http://www.queenalice.com/game.php?id=746137"]
[Date "2010.3.14"]
[Round "2"]
[White "domino429"]
[Black "MarTraM"]
[Result "1-0"]
[WhiteElo "1745"]
[BlackElo "1945"]

1. e4 e5 2. Nf3 Nc6 3. Bc4 h6 4. Nc3 Bb4 5. Nd5 Nf6 6. c3 Bd6 7. O-O O-O 8. d3
Ne7 9. Nxf6+ gxf6 10. Bxh6 Re8 11. g4 Ng6 12. Qb3 Nh8 13. Nh4 Bf8 14. Nf5 Bxh6
15. Nxh6+ Kg7 16. Nf5+ Kg6 17. Qc2 d6 18. Qd2 Bxf5 19. exf5+ Kg7 20. h4 d5 21.
Bb3 c6 22. h5 e4 23. h6+ Kf8 24. Bc2 exd3 25. Bxd3 Qc7 26. Rae1 Rxe1 27. Rxe1
Re8 28. Rxe8+ Kxe8 29. Qe3+ Qe5 30. Qxa7 Qc7 31. Ba6 Ke7 32. Qxb7 Qxb7 33. Bxb7
Kd6 34. a4 Kc7 35. Ba8 Kb6 36. b4 Kc7 37. a5 Kd6 38. f3 Kc7 39. Kf2 Kd6 40. Ke3
Kc7 41. Kd4 Kd6 42. c4 dxc4 43. f4 c3 44. Kxc3 Kd5 45. b5 Kd6 46. Bxc6 Kc7 47.
Kc4 Kb8 48. b6 Kc8 49. Kd5 1-0

[Event "AUTO-INT-1525"]
[Site "http://www.queenalice.com/game.php?id=746138"]
[Date "2010.3.14"]
[Round "2"]
[White "MarTraM"]
[Black "domino429"]
[Result "1-0"]
[WhiteElo "1921"]
[BlackElo "1769"]

1. d4 Nf6 2. c4 g6 3. Nc3 Bg7 4. e4 d6 5. Nf3 Bg4 6. Be2 O-O 7. O-O Bxf3 8. Bxf3
c6 9. Bg5 h6 10. Bh4 g5 11. Bg3 Qd7 12. c5 g4 13. Be2 d5 14. e5 Ne4 15. Nxe4
dxe4 16. Bxg4 f5 17. Bh5 b6 18. b4 Na6 19. a3 f4 20. Bh4 Nc7 21. Bg4 e6 22. Qb3
Qf7 23. g3 h5 24. Bh3 f3 25. Rae1 Qg6 26. Qe3 Qf7 27. Qxe4 Nb5 28. a4 Nc3 29.
Qc2 Ne2+ 30. Rxe2 fxe2 31. Qxe2 Rad8 32. Bxd8 Rxd8 33. Rd1 bxc5 34. bxc5 Rb8 35.
a5 Rb5 36. Qa2 a6 37. Rb1 Qd7 38. Bxe6+ 1-0

[Event "AUTO-OPEN-2141"]
[Site "http://www.queenalice.com/game.php?id=849322"]
[Date "2010.10.22"]
[Round "1"]
[White "axelsun"]
[Black "domino429"]
[Result "1-0"]
[WhiteElo "2086"]
[BlackElo "1756"]

1. e4 e5 2. Nf3 Nc6 3. Bb5 a6 4. Ba4 Nf6 5. O-O Nxe4 6. Re1 d5 7. c3 b5 8. Bc2
Bd6 9. d4 O-O 10. Nbd2 Qf6 11. Nxe4 dxe4 12. Bxe4 Bb7 13. Bg5 Qe6 14. d5 Qd7 15.
dxc6 Bxc6 16. Bxc6 Qxc6 17. Nxe5 Bxe5 18. Rxe5 f6 19. Qd5+ Qxd5 20. Rxd5 fxg5
21. Rxg5 Rf7 22. Rd1 Re8 23. Kf1 g6 24. Rgd5 Ref8 25. f3 Rf6 26. Rd7 Rc6 27. Re7
Rc8 28. Rdd7 h5 29. Rg7+ Kh8 30. Rh7+ Kg8 31. Kf2 Rd6 32. Rxc7 Rcd8 33. Rcg7+
Kf8 34. Rf7+ Ke8 35. Ra7 Kf8 36. Rh8# 1-0

[Event "AUTO-OPEN-2141"]
[Site "http://www.queenalice.com/game.php?id=849323"]
[Date "2010.10.22"]
[Round "1"]
[White "domino429"]
[Black "axelsun"]
[Result "1/2-1/2"]
[WhiteElo "1751"]
[BlackElo "2032"]

1. e4 c5 2. Nf3 e6 3. d4 cxd4 4. Nxd4 Nf6 5. Nc3 d6 6. Be2 a6 7. O-O Be7 8. Be3
Qc7 9. Qd2 b5 10. Bf3 Bb7 11. b4 Nbd7 12. a3 Rc8 13. Nce2 Nxe4 14. Qd3 Nef6 15.
h3 e5 16. Bxb7 Qxb7 17. Nf5 Bf8 18. c3 Qc7 19. f3 g6 20. Nfg3 Bg7 21. Rad1 d5
22. Rc1 O-O 23. Rc2 Rfe8 24. Rf2 Red8 25. Rd2 e4 26. Qc2 Ne5 27. fxe4 Nxe4 28.
Nxe4 dxe4 29. Rf4 Nc4 30. Rxd8+ Rxd8 31. Qxe4 Rd1+ 32. Kf2 Bh6 33. Qe8+ Kg7 34.
Bd4+ Rxd4 35. Rxd4 Be3+ 36. Ke1 Bxd4 37. Nxd4 Qg3+ 38. Kf1 Qd3+ 39. Ne2 Ne3+ 40.
Kf2 Nd1+ 41. Kg1 Qb1 42. Kh1 Nxc3+ 43. Kh2 Ne4 44. Qe5+ Kh6 45. Qf4+ Kg7 46. Ng3
Nf6 47. Qd6 Ne4 48. Qxa6 Nxg3 49. Kxg3 Qd3+ 50. Kh2 Qf5 51. Qb6 Qf4+ 52. Kg1
Qc1+ 53. Kh2 Qf4+ 54. Kg1 Qc1+ 55. Kh2 Qf4+ 1/2-1/2

[Event "AUTO-OPEN-2141"]
[Site "http://www.queenalice.com/game.php?id=849348"]
[Date "2010.10.22"]
[Round "1"]
[White "welf"]
[Black "domino429"]
[Result "0-1"]
[WhiteElo "1443"]
[BlackElo "1751"]

1. e4 e5 2. Nf3 Nc6 3. b3 Nf6 4. Bb2 Bd6 5. Nc3 Bc5 6. Na4 Bd6 7. Bd3 O-O 8. a3
a6 9. Bc1 b5 10. Nc3 Qe8 11. Be2 h6 12. a4 b4 13. Nb1 Bc5 14. c3 Nxe4 15. Qc2
Nxf2 16. Rf1 Ng4 17. Qe4 Nf6 18. Qc4 Qe7 19. cxb4 d5 20. Qc2 Nxb4 21. Qd1 e4 22.
Ng1 Nd3+ 23. Bxd3 exd3+ 24. Ne2 dxe2 25. Qxe2 Qxe2+ 26. Kxe2 Re8+ 27. Kd1 Bg4+
28. Kc2 Re2 29. Nc3 Rxg2 30. Rh1 d4 31. Na2 a5 32. h4 Bf5+ 33. Kb2 d3 34. Re1
Re2 35. Rf1 g6 36. Rf4 Be3 37. Rc4 Bxd2 38. Bxd2 Rxd2+ 39. Ka3 Rc2 40. Rd4 Ra6
41. Rc4 Rxc4 42. bxc4 Nd7 43. Nc3 Rc6 44. Nd5 Re6 45. Nxc7 Re4 46. Rb1 Rxc4 47.
Nb5 Rxh4 48. Nd6 d2 49. Rd1 Rd4 50. Kb3 Bg4 0-1

[Event "AUTO-OPEN-2141"]
[Site "http://www.queenalice.com/game.php?id=849349"]
[Date "2010.10.22"]
[Round "1"]
[White "domino429"]
[Black "welf"]
[Result "1-0"]
[WhiteElo "1753"]
[BlackElo "1432"]

1. d4 e6 2. Nf3 g6 3. c3 b6 4. Bf4 h6 5. h4 Bd6 6. Bxd6 cxd6 7. e4 Bb7 8. Bd3 a5
9. O-O d5 10. Nbd2 Nf6 11. Re1 Rg8 12. e5 Ng4 13. b4 g5 14. h5 axb4 15. cxb4 Nc6
16. Qb3 f5 17. Rac1 d6 18. Re2 Qe7 19. Rce1 Kf7 20. Nb1 Ra7 21. Nc3 Rg7 22. exd6
Qxd6 23. Nb5 Qxb4 24. Qb1 Qxb1 25. Rxb1 Ba6 26. Rc2 Nb4 27. Rxb4 Ra8 28. Ne5+
Nxe5 29. dxe5 Kg8 30. a4 g4 31. Rc6 g3 32. f3 Rg5 33. Rxe6 Rb8 34. Rxh6 Rc8 35.
Rb1 Rg7 36. Bxf5 Bxb5 37. Bxc8 Rg5 38. axb5 Rxe5 39. Rg6+ Kf7 40. Rxg3 Rxh5 41.
Rh3 Re5 42. Rd1 Kg6 43. Rg3+ Kh5 44. Bg4+ Kg5 45. Be6+ Kf4 46. Rg6 Ke3 47. Re1+
1-0

[Event "Caramba !!! (1)"]
[Site "http://www.queenalice.com/game.php?id=854363"]
[Date "2010.11.4"]
[Round "-"]
[White "Alligator427"]
[Black "domino429"]
[Result "1-0"]
[WhiteElo "2227"]
[BlackElo "1755"]

1. b4 Nf6 2. Bb2 g6 3. c4 e5 4. Bxe5 Nc6 5. Bb2 Bxb4 6. Nf3 O-O 7. Nc3 Re8 8. e3
d5 9. Qa4 Bd7 10. Qb3 Be6 11. Be2 Qe7 12. a3 Na5 13. Qxb4 Qxb4 14. axb4 Nc6 15.
cxd5 Bxd5 16. Nb5 Nxb4 17. O-O Rac8 18. Bxf6 Nc6 19. Nxa7 Nxa7 20. Rxa7 Re6 21.
Bc3 b6 22. Nd4 Re7 23. Bf3 Bc4 24. Rc1 b5 25. Bc6 Re5 26. Nxb5 Rc5 27. Bd7 Rd8
28. Rca1 Kf8 29. Bb4 Rxd7 30. Bxc5+ Kg7 31. Bd4+ Kh6 32. Rxc7 Bxb5 33. Rxd7 Bxd7
34. f3 Kg5 35. g4 1-0

[Event "Caramba !!! (2)"]
[Site "http://www.queenalice.com/game.php?id=854364"]
[Date "2010.11.4"]
[Round "-"]
[White "domino429"]
[Black "Alligator427"]
[Result "0-1"]
[WhiteElo "1753"]
[BlackElo "2237"]

1. c4 e5 2. Nc3 f5 3. g3 Nf6 4. Bg2 Nc6 5. e3 d6 6. Nge2 Be6 7. Bxc6+ bxc6 8. b3
Be7 9. O-O O-O 10. Bb2 Qe8 11. d4 Qh5 12. f3 e4 13. Nf4 Qf7 14. d5 Bd7 15. a4 g5
16. Nfe2 Qh5 17. Nd4 c5 18. Ne6 Bxe6 19. dxe6 exf3 20. Rxf3 Ng4 21. Qe2 Nxh2 22.
Rf2 Ng4 23. Nd5 Rae8 24. Nxc7 Rb8 25. Nd5 Qe8 26. Rf3 Bd8 27. e7 Bxe7 28. Nxe7+
Qxe7 29. Qd3 Qe4 30. Qd5+ Qxd5 31. cxd5 Rxb3 32. Bc1 Kg7 33. Bd2 Kg6 34. Kg2 Re8
35. Re1 c4 36. Re2 Rb2 37. Kf1 c3 38. Bxc3 Nh2+ 39. Kf2 Rxe2+ 40. Kxe2 Nxf3 41.
Kxf3 Re4 42. Bd4 Rxd4 43. exd4 Kh5 44. Kg2 Kg4 0-1

[Event "AUTO-OPEN-2418"]
[Site "http://www.queenalice.com/game.php?id=961671"]
[Date "2011.7.18"]
[Round "1"]
[White "domino429"]
[Black "potter_brasil"]
[Result "1-0"]
[WhiteElo "1784"]
[BlackElo "1669"]

1. c4 e5 2. Nc3 g6 3. Nf3 Bg7 4. e4 c5 5. d3 d6 6. Be2 f5 7. O-O Nc6 8. Bg5 Nf6
9. exf5 Bxf5 10. Nd5 O-O 11. Qd2 Qd7 12. Bh6 Nxd5 13. cxd5 Nb4 14. Bxg7 Qxg7 15.
Nh4 Nxd5 16. Bf3 Nf4 17. Bxb7 Rab8 18. Be4 Be6 19. b3 d5 20. Bf3 Rb4 21. Bd1
Nxd3 22. Qxd3 Rxh4 23. f3 e4 24. Qb1 exf3 25. Rxf3 Rxf3 26. Bxf3 1-0

[Event "AUTO-OPEN-2418"]
[Site "http://www.queenalice.com/game.php?id=961672"]
[Date "2011.7.18"]
[Round "1"]
[White "potter_brasil"]
[Black "domino429"]
[Result "0-1"]
[WhiteElo "1683"]
[BlackElo "1772"]

1. e4 c5 2. d3 Nc6 3. Nf3 e5 4. Be3 Nf6 5. h3 Be7 6. Be2 d5 7. exd5 Nxd5 8. O-O
O-O 9. Nbd2 f5 10. Nc4 Nxe3 11. fxe3 Qd5 12. e4 fxe4 13. dxe4 Qxe4 14. Bd3 Qf4
15. c3 Qg3 16. Re1 Bxh3 17. Bf1 Rad8 18. Qe2 Bg4 19. Ncxe5 Bd6 20. Nxg4 Qxg4 21.
Qc4+ Qxc4 22. Bxc4+ Kh8 23. Re6 Ne7 24. Ng5 Rf6 25. Rxf6 gxf6 26. Nf7+ Kg7 27.
Re1 Rd7 28. Nxd6 Kf8 0-1

[Event "AUTO-OPEN-2418"]
[Site "http://www.queenalice.com/game.php?id=961673"]
[Date "2011.7.18"]
[Round "1"]
[White "domino429"]
[Black "daga2008"]
[Result "1-0"]
[WhiteElo "1795"]
[BlackElo "1553"]

1. e4 e5 2. Nf3 Qe7 3. d4 f6 4. d5 Na6 5. Bd3 d6 6. Bb5+ c6 7. dxc6 bxc6 8.
Bxc6+ Bd7 9. Bxa8 Nc7 10. Bd5 Nxd5 11. Qxd5 Be6 12. Qa8+ Kf7 13. Nc3 Nh6 14.
Bxh6 gxh6 15. O-O 1-0

[Event "AUTO-OPEN-2418"]
[Site "http://www.queenalice.com/game.php?id=961674"]
[Date "2011.7.18"]
[Round "1"]
[White "daga2008"]
[Black "domino429"]
[Result "0-1"]
[WhiteElo "1547"]
[BlackElo "1801"]

1. e4 c5 2. Bc4 e6 3. Nh3 Nf6 4. f3 d5 5. exd5 exd5 6. Be2 Bxh3 7. gxh3 a6 8. d3
Bd6 9. d4 c4 10. c3 O-O 11. Bg5 h6 12. Bxf6 Qxf6 13. Qc2 Qh4+ 14. Kd1 Qxh3 15.
b3 Qg2 16. Re1 g6 17. bxc4 dxc4 18. a4 Bxh2 19. Nd2 Bg3 20. Bxc4 Bxe1 21. Kxe1
Re8+ 22. Be2 Rxe2+ 23. Kd1 Qf2 24. Qd3 Re1+ 25. Kc2 Rxa1 0-1